Hollyoaks Characters 2014 Quiz Stats

 Plays Quiz not verified by Sporcle

Also try: Emmy - Drama Actor
Challenge
Share
Tweet
Embed
Score 0/52 Timer 10:00
0 Plays Today
Hint Answer % Correct
McQueenMercedes
90.6%
McQueenJohn Paul
89.9%
McQueenNana
87.6%
OsbourneDarren
86.3%
OsbourneJack
85.9%
HutchinsonTony
85.4%
McQueenCarmel
85.3%
Cunningham Tom
85.3%
OsbourneNancy
84.2%
RoscoeFreddie
83.7%
RoscoeJoe
83%
HaySte
82.3%
O'ConnorDiane
82.1%
CunninghamCindy
82.1%
OsbourneFrankie
81.8%
O'ConnorSinead
81.4%
RoscoeRobbie
81.3%
RoscoeJason
80.7%
LomaxLeela
79.6%
Cunningham Holly
79.4%
RoscoeZiggy
79.2%
Lomax Peri
79%
LomaxTegan
78.8%
MinniverMaxine
77.6%
SavageDirk
76.9%
O'ConnorFinn
76.7%
Hint Answer % Correct
BlakeSienna
76.6%
BloomEsther
76.4%
BlackGrace
75.4%
ButterfieldLindsey
74.9%
BlakePatrick
74.8%
RoscoeSandy
73.8%
SavageDodger
73.3%
LomaxSam
72.3%
BarnesLeah
68.7%
DeanCharlie
68.6%
LomaxDanny
68%
OsbourneOscar
67.1%
HayLucas
66.7%
JacksonPhoebe
66.3%
ValentineSonny
66.3%
HutchinsonDeeDee
66.2%
LomaxRose
64.7%
McQueenKathleen Angel
62.4%
BlackFraser
62.4%
McQueenMatthew
62.3%
O'ConnorKaty
58.6%
CunnighamHilton
57.6%
HutchinsonAnthony
54.7%
SavageDennis
54.6%
ChambersBlessing
54.4%
SmithGeorge
53.3%

You're not logged in!

Compare scores with friends on all Sporcle quizzes.
OR
Log In

You Might Also Like...

Show Comments

Extras

Top Quizzes Today


Score Distribution

Your Account Isn't Verified!

In order to create a playlist on Sporcle, you need to verify the email address you used during registration. Go to your Sporcle Settings to finish the process.

Report this User

Report this user for behavior that violates our Community Guidelines.

Details: